Регионална библиотека "Любен Каравелов" - Русе

Приложна газодинамика (Запис номер 11513)

MARC детайли
000 -Лидер
Контролно поле с фиксирана дължина nam a22 a 4500
003 - Код на организацията, давaща контролен номер
Контролно поле BLK
005 - Дата и час на последна редакция
Контролно поле 20220812091737.0
008 - Елементи от данни с фиксирана дължина
fixed length control field 180412b bul|||||r ||||||| ||bul||
010 ## - Наследен системен номер
LC control number KNG00013059000
040 ## - Източник на каталожния запис
Идентификатор на билиотеката - собственик на записа BLK
041 ## - Код за език
Код за езика на текст/звукозапис или на отделно заглавие Български
Код за езика КДБФ Български
080 ## - УДК
Текстов определител УДК Механика на газовете. Аеродинамика. Физика на плазмата
УДК код - определител по УДК 533
УДК определител (075.8)
УДК - код + определител 533(075.8)
100 1# - Редна дума - Автор
Автор Абрамович, Хенрик Наумович
Авторска отговорност първи автор
R(LIN) 256577
139 ## - Редно поле
Редна дума Абрамович, Хенрик Наумович
Авторски знак Абд - А 13
245 10 - Сведения за заглавието
Заглавие Приложна газодинамика
Подзаглавни данни Учебник за студентите от ВТУЗ
Редно поле (дума) Хенрик Наумович Абрамович; прев. от рус. Венцислав Хр. Маджарски.
257 ## - Страна на издаване
Страна на създаване/издаване Русия
260 ## - Област на издателските данни
Име на издателя, разпространителя и проч. Техника
Година на издаване 1973
Място на издаване, разпространение и проч. София
300 ## - Физическа характеристика
Страници 844 с.
Илюстрации и др. с черт., табл.
Размери/Мащаб 22 см
380 ## - Жанр
Жанр Естествени науки. Математика
500 ## - Общи забележки
Забележка Ориг. загл. Прикладная газовая динамика. - Прев. от 3. рус. прераб. и доп. изд.
650 #4 - Допълнително описание по предмет – тема
Основно описание – тема или топоним Газодинамика, приложна
9 (RLIN) 151675
653 ## - Ключова дума – ненормативна
Ключова дума газодинамика
700 1# - Други автори (авторска отговорност)
Лично име Маджарски, Венцислав Хр.
Автороска отговорност (Описва отношението между автора и произведението) прев. от рус.
9 (RLIN) 256578
852 ## - Местоположение
Форматна сигнатура Цб 69636
Фондова буква Хранилище
856 4# - Електронен адрес и достъп
Електронен формат pdf - файл
Път до файла /url/
856 4# - Електронен адрес и достъп
Електронен формат pdf - файл
Път до файла /url/
999 ## - СИСТЕМНИ КОНТРОЛНИ НОМЕРА
Koha biblionumber 11513
Koha biblioitemnumber 11513
942 ## - АРТИКУЛИ
Вид на библиотечния материал Книги
Скрит в OPAC Не
Периодичен библиозапис Да
944 ## - СЪЗДАВАНЕ И РЕДАКЦИЯ на ЗАПИСА
Създаване/Редакция Редакция
Дата на регистрацията/редакция 18.06.2010
999 ## - СИСТЕМНИ КОНТРОЛНИ НОМЕРА
Koha biblioitemnumber 11513
Наличности
Код за отписване Код за изгубен артикул Източник на класификационната схема Код за повреда Коз за рестрикции Код за отдаване Артикулен № Име на библиотеката - собственик Име на библиотеката, в която се намира в момента Статус (Текущо местоположение) Дата на вписване в системата Местоположение - отдел Цена в лева Инвентарен номер Систематично азбучна сигнатура Баркод Номер на екземпляра Цена в евро Служебна бележка Служебен тип на артикула
  Не е изгубен Universal Decimal Classification Не е повреден само за читалня ползва се в читалня 19966 Регионална библиотека "Любен Каравелов" Русе Регионална библиотека "Любен Каравелов" Русе Хранилище 1973-01-01 Хранилище 5.27 148096 Цб 69636 120000148096 1 2.69 Дост: Dp Вид: Д N: стар фонд Дата: 01.01.1973 Книги
Изтеглен Не е изгубен Universal Decimal Classification Не е повреден без рестрикции заемане за дома 19967 Регионална библиотека "Любен Каравелов" Русе Регионална библиотека "Любен Каравелов" Русе Заемна - подръчен фонд 1973-01-01 Заемна - подръчен фонд 0.00 148542 П 533/А 13 148542 2 0.00 Дост: Pk Вид: Ф N: стар фонд Дата: 01.01.1973 Книги
  Не е изгубен Universal Decimal Classification Не е повреден без рестрикции ползва се в читалня 19968 Регионална библиотека "Любен Каравелов" Русе Регионална библиотека "Любен Каравелов" Русе Читалня 1973-01-01 Читалня 5.27 148544 Ч 53/А 13 120000148544 3 2.69 Дост: Pk Вид: Ф N: стар фонд Дата: 01.01.1973 Дата инв: 15.03.2017 Бележки инв: Ч2017 Книги
Vip Innovations Ltd, Rousse, Bulgaria 2025